[Event "DVM U10 2015"]
[Site "Magdeburg GER"]
[Date "2015.12.28"]
[Round "4"]
[White "Nourzad, Shayan"]
[Black "Gutewort, Paul Emil"]
[Result "0-1"]
[Termination "normal"]
[Board "11.2"]
[WhiteElo "929"]
[BlackElo "1122"]
[WhiteTeam "SchachAkademiePaderborn 2"]
[BlackTeam "Sfr.Nord-Ost Berlin 1"]
[PlyCount "66"]
[WhiteFideId "16274890"]
[BlackFideId "16204182"]
[EventCountry "GER"]
[EventRounds "7"]
[EventType "team-swiss"]
[EventDate "2015.12.27"]

1. e4 c5 2. Nf3 Nc6 3. Bc4 a6 4. Ng5 e6 5. d3 b5 6. Bb3 h6 7. Nf3 Qe7 8. Bf4 d5
9. exd5 exd5+ 10. Be3 d4 11. Bd5 Bd7 12. Qe2 dxe3 13. Qxe3 Qxe3+ 14. fxe3 Nge7
15. Be4 f5 16. Ne5 fxe4 17. Nxd7 Kxd7 18. dxe4 Rd8 19. Nc3 g5 20. h4 Bg7 21.
hxg5 hxg5 22. Rf1 b4 23. Nd5 Bxb2 24. Rd1 Nxd5 25. Rxd5+ Kc7 26. Rxc5 Bc3+ 27.
Ke2 Kb6 28. Rxg5 Rd2+ 29. Kf3 Ne5+ 30. Kf4 Rf8+ 31. Rf5 Ng6+ 32. Kg5 Rxg2+ 33.
Kh6 Rh8# 0-1

[Event "DVM U10 2015"]
[Site "Magdeburg GER"]
[Date "2015.12.28"]
[Round "4"]
[White "Beck, Felix"]
[Black "Schäfer, Anton"]
[Result "1-0"]
[Termination "normal"]
[Board "11.3"]
[WhiteElo "1010"]
[BlackElo "890"]
[WhiteTeam "Sfr.Nord-Ost Berlin 1"]
[BlackTeam "SchachAkademiePaderborn 2"]
[PlyCount "75"]
[WhiteFideId "16255364"]
[EventCountry "GER"]
[EventRounds "7"]
[EventType "team-swiss"]
[EventDate "2015.12.27"]

1. e4 e6 2. d4 d5 3. Nc3 c5 4. exd5 exd5 5. Nf3 Nf6 6. Bf4 Nc6 7. Bb5 a6 8. Be2
Qb6 9. Na4 Qa5+ 10. Nc3 cxd4 11. Nxd4 Bb4 12. Qd3 Ne4 13. Bd2 Nxd2 14. Qxd2 O-O
15. O-O Re8 16. Rfe1 Re4 17. Nxc6 bxc6 18. a3 Bxc3 19. Qxc3 Qc7 20. Bd3 d4 21.
Rxe4 Bf5 22. Qxd4 Bxe4 23. Qxe4 g6 24. Re1 Qd7 25. Qe7 Qc8 26. Bc4 Qf5 27. Qe4
Qd7 28. Qd3 Qc8 29. Re7 Qf8 30. Rxf7 Qh6 31. Ra7+ Kh8 32. Rxa8+ Kg7 33. Rg8+
Kf6 34. Qf3+ Kg5 35. Qe4 Kh5 36. Be2+ Kg5 37. Qe5+ Kh4 38. Qg3# 1-0

[Event "DVM U10 2015"]
[Site "Magdeburg GER"]
[Date "2015.12.28"]
[Round "4"]
[White "Pflugradt, Natalie"]
[Black "Kalina, Lena"]
[Result "1-0"]
[Termination "normal"]
[Board "12.1"]
[WhiteElo "1463"]
[BlackElo "1410"]
[WhiteTeam "SG Blau-Weiß Stadtilm 1"]
[BlackTeam "SC Landskrone"]
[PlyCount "75"]
[WhiteFideId "16212444"]
[BlackFideId "12988014"]
[EventCountry "GER"]
[EventRounds "7"]
[EventType "team-swiss"]
[EventDate "2015.12.27"]

1. e4 g6 2. Nc3 Bg7 3. g3 c6 4. Bg2 e6 5. Nf3 d5 6. d4 a6 7. O-O Nd7 8. Bf4 c5
9. dxc5 Nxc5 10. exd5 exd5 11. Qxd5 Qxd5 12. Nxd5 Ne6 13. Ng5 Kf8 14. Bd6+ Ke8
15. Nxe6 Bxe6 16. Nc7+ Kd7 17. Nxa8 Kxd6 18. Rad1+ Ke7 19. Bxb7 Nf6 20. Rfe1
Nd7 21. Nc7 Bxb2 22. Bd5 Nc5 23. Nxe6 Nxe6 24. Bc4 Rc8 25. Bxa6 Rxc2 26. Re2
Rxe2 27. Bxe2 Nd4 28. Bc4 Kf6 29. a4 Kg7 30. a5 Nc6 31. a6 Ba3 32. Rd7 Kf8 33.
a7 Nxa7 34. Rxf7+ Ke8 35. Rxa7 g5 36. h4 gxh4 37. gxh4 Bd6 38. Kg2 1-0

[Event "DVM U10 2015"]
[Site "Magdeburg GER"]
[Date "2015.12.28"]
[Round "4"]
[White "Müller, Maurice-Pascal"]
[Black "Schmidt, Pauline"]
[Result "1/2-1/2"]
[Termination "normal"]
[Board "12.2"]
[WhiteElo "1002"]
[BlackElo "1142"]
[WhiteTeam "SC Landskrone"]
[BlackTeam "SG Blau-Weiß Stadtilm 1"]
[PlyCount "37"]
[WhiteFideId "16243340"]
[BlackFideId "16209850"]
[EventCountry "GER"]
[EventRounds "7"]
[EventType "team-swiss"]
[EventDate "2015.12.27"]

1. e4 e5 2. Nf3 Nc6 3. d4 exd4 4. Bc4 Bc5 5. Ng5 Ne5 6. Bb3 Bb6 7. Qh5 Qf6 8.
Nxh7 Rxh7 9. Qxh7 Kf8 10. Qf5 Qxf5 11. exf5 d6 12. O-O Bxf5 13. Bf4 Re8 14. Nd2
d3 15. Bxe5 dxe5 16. cxd3 Bxd3 17. Rfe1 Nf6 18. Rad1 Ng4 19. Ba4 1/2-1/2

[Event "DVM U10 2015"]
[Site "Magdeburg GER"]
[Date "2015.12.28"]
[Round "4"]
[White "Rapp, Leonard"]
[Black "Dittenberger, Nico"]
[Result "1-0"]
[Termination "normal"]
[Board "12.3"]
[WhiteElo "1504"]
[BlackElo "961"]
[WhiteTeam "SG Blau-Weiß Stadtilm 1"]
[BlackTeam "SC Landskrone"]
[PlyCount "49"]
[WhiteFideId "16212428"]
[BlackFideId "12996254"]
[EventCountry "GER"]
[EventRounds "7"]
[EventType "team-swiss"]
[EventDate "2015.12.27"]

1. e4 e5 2. Nf3 Nc6 3. Bc4 Bc5 4. Nc3 Nf6 5. d3 d6 6. Be3 Bxe3 7. fxe3 Bg4 8.
Qe2 O-O 9. O-O-O a6 10. Rdf1 h6 11. h3 Bxf3 12. Qxf3 b5 13. Bb3 Na5 14. g4
Nxb3+ 15. axb3 a5 16. Nxb5 a4 17. bxa4 Rxa4 18. Na3 Qe7 19. g5 Nd7 20. gxh6 d5
21. hxg7 Rfa8 22. Qh5 f6 23. Qh8+ Kf7 24. g8=Q+ Rxg8 25. Rhg1 1-0

[Event "DVM U10 2015"]
[Site "Magdeburg GER"]
[Date "2015.12.28"]
[Round "4"]
[White "Kinsky, Leonhard"]
[Black "Langer, Paul Georg"]
[Result "0-1"]
[Termination "normal"]
[Board "12.4"]
[WhiteElo "819"]
[BlackElo "1118"]
[WhiteTeam "SC Landskrone"]
[BlackTeam "SG Blau-Weiß Stadtilm 1"]
[PlyCount "64"]
[WhiteFideId "16255429"]
[BlackFideId "16230051"]
[EventCountry "GER"]
[EventRounds "7"]
[EventType "team-swiss"]
[EventDate "2015.12.27"]

1. e4 e5 2. Nf3 Nc6 3. d4 exd4 4. Nxd4 Bc5 5. Nxc6 bxc6 6. Bc4 Nf6 7. Nc3 d6 8.
Bg5 g6 9. Bxf6 Qxf6 10. O-O O-O 11. Qd2 Be6 12. Bxe6 Qxe6 13. g3 Rfd8 14. Na4
Bb6 15. Nxb6 cxb6 16. Qc3 c5 17. Rad1 Qxe4 18. Rfe1 Qc6 19. Re7 Re8 20. Rxe8+
Rxe8 21. Rd3 c4 22. Re3 Rxe3 23. Qxe3 Qa4 24. Qd4 Qxc2 25. Qxd6 Qxb2 26. Qd8+
Kg7 27. Qd4+ Qxd4 28. Kg2 c3 29. h4 c2 30. Kh3 c1=Q 31. Kg2 Qe4+ 32. Kh3 Qch1#
0-1

[Event "DVM U10 2015"]
[Site "Magdeburg GER"]
[Date "2015.12.28"]
[Round "4"]
[White "Stockmann, Till"]
[Black "Niemann, Leon"]
[Result "0-1"]
[Termination "normal"]
[Board "13.1"]
[WhiteElo "1482"]
[BlackElo "1090"]
[WhiteTeam "VfL Gräfenhainichen"]
[BlackTeam "Hannover 96"]
[PlyCount "42"]
[WhiteFideId "12979341"]
[BlackFideId "16218388"]
[EventCountry "GER"]
[EventRounds "7"]
[EventType "team-swiss"]
[EventDate "2015.12.27"]

1. e4 c5 2. Nf3 Nc6 3. d4 cxd4 4. Nxd4 g6 5. Nc3 Bg7 6. Be3 Nf6 7. Bc4 O-O 8.
Bb3 e6 9. f3 Ne7 10. Qd2 b6 11. O-O-O Bb7 12. g4 d5 13. e5 Nd7 14. f4 Nc5 15.
h4 Nxb3+ 16. Nxb3 d4 17. Nxd4 Bxh1 18. Rxh1 Nd5 19. h5 Nxc3 20. Qxc3 Qd5 21. a3
Qxh1+ 0-1

[Event "DVM U10 2015"]
[Site "Magdeburg GER"]
[Date "2015.12.28"]
[Round "4"]
[White "Janovskij, Konstantin"]
[Black "Grunemann, Jonas"]
[Result "1-0"]
[Termination "normal"]
[Board "13.2"]
[WhiteElo "963"]
[BlackElo "970"]
[WhiteTeam "Hannover 96"]
[BlackTeam "VfL Gräfenhainichen"]
[PlyCount "26"]
[WhiteFideId "16225252"]
[BlackFideId "16255577"]
[EventCountry "GER"]
[EventRounds "7"]
[EventType "team-swiss"]
[EventDate "2015.12.27"]

1. e4 e5 2. Nf3 Nc6 3. Nc3 Nf6 4. Bb5 Bb4 5. O-O O-O 6. d3 d6 7. Bg5 Bxc3 8.
bxc3 Bg4 9. Bxc6 bxc6 10. Rb1 Qe7 11. Qe2 Qe6 12. Qe3 d5 {Rest nich
nichvollziehbar} 13. Nxe5 d4 1-0

[Event "DVM U10 2015"]
[Site "Magdeburg GER"]
[Date "2015.12.28"]
[Round "4"]
[White "I., Natascha"]
[Black "Froehlich, Luca"]
[Result "1-0"]
[Termination "normal"]
[Board "13.4"]
[WhiteElo "756"]
[BlackElo "758"]
[WhiteTeam "Hannover 96"]
[BlackTeam "VfL Gräfenhainichen"]
[PlyCount "42"]
[WhiteFideId "16257545"]
[EventCountry "GER"]
[EventRounds "7"]
[EventType "team-swiss"]
[EventDate "2015.12.27"]

1. e4 e5 2. Nf3 Nc6 3. Nc3 Bc5 4. Bb5 d6 5. d3 Nf6 6. Bg5 O-O 7. Bxc6 bxc6 8.
Qd2 Ba6 9. O-O-O Qc8 10. Bxf6 gxf6 11. Qh6 Qb7 12. Qh3 Rab8 13. b3 Bxf2 14.
Qg4+ Kh8 15. Rhf1 Qc8 16. Qh5 Be3+ 17. Kb1 Rg8 18. g3 Bc5 19. h4 Bb4 20. Ne2
Ba3 21. Qxf7 Rg7 1-0

[Event "DVM U10 2015"]
[Site "Magdeburg GER"]
[Date "2015.12.28"]
[Round "4"]
[White "Kraftsik, Christian"]
[Black "Graw, Alexander"]
[Result "1-0"]
[Termination "normal"]
[Board "14.1"]
[WhiteElo "1271"]
[BlackElo "1008"]
[WhiteTeam "SC Vaterstetten"]
[BlackTeam "SF Hettstedt 1"]
[PlyCount "23"]
[WhiteFideId "16242548"]
[BlackFideId "16227670"]
[EventCountry "GER"]
[EventRounds "7"]
[EventType "team-swiss"]
[EventDate "2015.12.27"]

1. e4 e5 2. Nf3 Nc6 3. Bc4 Bc5 4. Nc3 Nf6 5. d3 O-O 6. Bg5 d6 7. Nd5 Be6 8.
Nxf6+ gxf6 9. Bh6 Bxc4 10. Nh4 d5 11. Qg4+ Kh8 12. Qg7# 1-0

[Event "DVM U10 2015"]
[Site "Magdeburg GER"]
[Date "2015.12.28"]
[Round "4"]
[White "Isensee, Lennart"]
[Black "Menzner, Paul"]
[Result "0-1"]
[Termination "normal"]
[Board "14.2"]
[WhiteElo "924"]
[BlackElo "1007"]
[WhiteTeam "SF Hettstedt 1"]
[BlackTeam "SC Vaterstetten"]
[PlyCount "49"]
[EventCountry "GER"]
[EventRounds "7"]
[EventType "team-swiss"]
[EventDate "2015.12.27"]

1. e4 d5 2. Nc3 d4 3. Nd5 Nf6 4. d3 Nxd5 5. exd5 e6 6. Nf3 exd5 7. Nxd4 Bc5 8.
Be3 Qe7 9. Be2 Bxd4 10. Bxd4 O-O 11. O-O Nc6 12. Bc5 Qe8 13. Bxf8 Qxf8 14. h3
Be6 15. c4 dxc4 16. dxc4 Rd8 17. Qb3 Nd4 18. Qd3 Nf3+ 19. Bxf3 Rxd3 20. Bxb7
Qb4 21. Be4 g6 22. b3 Qc3 23. Rac1 Qd4 24. Bf3 Qh4 25. Rcd1 0-1

[Event "DVM U10 2015"]
[Site "Magdeburg GER"]
[Date "2015.12.28"]
[Round "4"]
[White "Röll, Lea"]
[Black "Lehmann, Taylor"]
[Result "1-0"]
[Termination "normal"]
[Board "14.3"]
[WhiteElo "969"]
[BlackElo "949"]
[WhiteTeam "SC Vaterstetten"]
[BlackTeam "SF Hettstedt 1"]
[PlyCount "63"]
[WhiteFideId "16255437"]
[BlackFideId "16240642"]
[EventCountry "GER"]
[EventRounds "7"]
[EventType "team-swiss"]
[EventDate "2015.12.27"]

1. e4 e5 2. Bc4 Nc6 3. d3 Bb4+ 4. Bd2 Bc5 5. Ne2 Qf6 6. O-O Nd4 7. Be3 d6 8. f4
Nxe2+ 9. Qxe2 exf4 10. Bxc5 dxc5 11. Nc3 Qg5 12. Qd2 Bh3 13. Kh1 Bd7 14. Rf3
Nf6 15. Rg3 Ng4 16. Rf1 Qh4 17. Rh3 Qg5 18. Rg3 Nf2+ 19. Rxf2 Qe5 20. Rxf4 g5
21. Rxf7 O-O-O 22. Rxg5 Qd4 23. Rd5 Rhf8 24. Rxd4 Rxf7 25. Bxf7 Rf8 26. h3 Rxf7
27. Qg5 Rf1+ 28. Kh2 Rf8 29. Qg7 Rd8 30. Nd5 cxd4 31. Qg3 c6 32. Ne7# 1-0

[Event "DVM U10 2015"]
[Site "Magdeburg GER"]
[Date "2015.12.28"]
[Round "4"]
[White "Mimkes, Antal"]
[Black "Siol, Mats Lennart"]
[Result "1-0"]
[Termination "normal"]
[Board "15.1"]
[WhiteElo "961"]
[BlackElo "1178"]
[WhiteTeam "KSV Rochade Göttingen 1"]
[BlackTeam "SK Blauer Springer Paderborn 1926"]
[PlyCount "57"]
[WhiteFideId "16265963"]
[BlackFideId "16229240"]
[EventCountry "GER"]
[EventRounds "7"]
[EventType "team-swiss"]
[EventDate "2015.12.27"]

1. e4 Nc6 2. d4 Nf6 3. e5 Nd5 4. Nf3 e6 5. Bc4 d6 6. O-O dxe5 7. Nxe5 Bd6 8.
Re1 Qh4 9. Nf3 Qg4 10. Bxd5 O-O 11. Bxc6 bxc6 12. Qd3 f5 13. Ne5 Bxe5 14. dxe5
Bb7 15. h3 Qg6 16. Re3 Rad8 17. Qb3 Rd1+ 18. Kh2 f4 19. Rd3 f3 20. g3 Rxd3 21.
Qxd3 Qf5 22. Bf4 g5 23. Be3 g4 24. h4 Qxe5 25. Nd2 Bc8 26. Ne4 Qxb2 27. Bd4 Qb7
28. Nf6+ Kg7 29. Qxh7# 1-0

[Event "DVM U10 2015"]
[Site "Magdeburg GER"]
[Date "2015.12.28"]
[Round "4"]
[White "Zimmermann, Bennet"]
[Black "Klahold, Rona"]
[Result "1-0"]
[Termination "normal"]
[Board "15.3"]
[WhiteElo "926"]
[BlackElo "896"]
[WhiteTeam "KSV Rochade Göttingen 1"]
[BlackTeam "SK Blauer Springer Paderborn 1926"]
[PlyCount "94"]
[BlackFideId "16222970"]
[EventCountry "GER"]
[EventRounds "7"]
[EventType "team-swiss"]
[EventDate "2015.12.27"]

1. e4 e5 2. Nf3 Nc6 3. Nc3 Nf6 4. Bb5 Bc5 5. O-O O-O 6. Nxe5 Nxe5 7. d4 a6 8.
Ba4 d6 9. dxc5 b5 10. Bb3 Be6 11. Bxe6 fxe6 12. cxd6 cxd6 13. Re1 Nc4 14. b3
Na3 15. Bxa3 b4 16. Bxb4 a5 17. Ba3 Re8 18. e5 Qc8 19. exf6 Qxc3 20. fxg7 Qxg7
21. Bxd6 Rad8 22. c4 Kh8 23. Be5 Rxd1 24. Bxg7+ Kxg7 25. Raxd1 Kf6 26. c5 Rc8
27. Rc1 e5 28. a3 Ke6 29. Red1 e4 30. b4 a4 31. b5 Ke7 32. b6 Rb8 33. Rd4 Ke6
34. Rxe4+ Kd5 35. Rxa4 Kc6 36. Rb4 Kb7 37. c6+ Kc8 38. b7+ Kc7 39. f4 h6 40. a4
h5 41. a5 h4 42. a6 h3 43. a7 Rf8 44. a8=Q Rxf4 45. Qc8+ Kd6 46. Rxf4 hxg2 47.
Rd1+ Ke5 1-0

[Event "DVM U10 2015"]
[Site "Magdeburg GER"]
[Date "2015.12.28"]
[Round "4"]
[White "Nitsche, Nikolai"]
[Black "Kraft, Adrian"]
[Result "1-0"]
[Termination "normal"]
[Board "16.1"]
[WhiteElo "1227"]
[BlackElo "1052"]
[WhiteTeam "SV Empor Berlin"]
[BlackTeam "SC Borussia 1920 Friedrichsfelde"]
[PlyCount "99"]
[WhiteFideId "16221036"]
[BlackFideId "16235010"]
[EventCountry "GER"]
[EventRounds "7"]
[EventType "team-swiss"]
[EventDate "2015.12.27"]

1. d4 d5 2. Bf4 Nf6 3. Nf3 Nc6 4. e3 e6 5. Bd3 Bd6 6. Bxd6 Qxd6 7. a3 O-O 8.
O-O Bd7 9. Nbd2 Rfe8 10. c4 e5 11. dxe5 Nxe5 12. Nxe5 Qxe5 13. b4 Ng4 14. Nf3
Qd6 15. c5 Qf6 16. h3 Ne5 17. Nxe5 Rxe5 18. Qb3 Be6 19. Qc2 g6 20. Rad1 Bf5 21.
Bxf5 Rxf5 22. e4 dxe4 23. Qxe4 c6 24. Rd7 b5 25. Rd6 Qb2 26. Qxc6 Rb8 27. Qa6
Ra8 28. c6 Rf6 29. c7 Rxd6 30. Qxd6 Rc8 31. Qd8+ Rxd8 32. cxd8=Q+ Kg7 33. Qa5
Qd4 34. Qxb5 Qb6 35. Qxb6 axb6 36. Rd1 b5 37. Rd5 Kf6 38. Rxb5 h5 39. a4 g5 40.
a5 Ke6 41. a6 Kd6 42. a7 Kc6 43. Rb8 Kc7 44. a8=Q Kd7 45. Qb7+ Kd6 46. Rd8+ Ke6
47. Qd7+ Kf6 48. Rf8 Kg6 49. Qxf7+ Kh6 50. Rh8# 1-0

[Event "DVM U10 2015"]
[Site "Magdeburg GER"]
[Date "2015.12.28"]
[Round "4"]
[White "Klühs, Isabel"]
[Black "Eulenstein, Conrad"]
[Result "0-1"]
[Termination "normal"]
[Board "16.2"]
[WhiteElo "886"]
[BlackElo "1061"]
[WhiteTeam "SC Borussia 1920 Friedrichsfelde"]
[BlackTeam "SV Empor Berlin"]
[PlyCount "52"]
[WhiteFideId "16228944"]
[EventCountry "GER"]
[EventRounds "7"]
[EventType "team-swiss"]
[EventDate "2015.12.27"]

1. d4 d5 2. Nf3 Nf6 3. e3 Bf5 4. c4 dxc4 5. Bxc4 e6 6. Nc3 Bb4 7. Bd2 Nc6 8.
O-O O-O 9. a3 Bd6 10. Re1 Ne4 11. Nxe4 Bxe4 12. b4 Ne7 13. Ng5 h6 14. Nxe4 Ng6
15. Nxd6 Qxd6 16. g3 e5 17. dxe5 Nxe5 18. Bf1 Rad8 19. Ra2 Qd5 20. Bg2 Qxa2 21.
Bxb7 Rxd2 22. Qc1 Rxf2 23. Bh1 Nd3 24. Qxc7 Nxe1 25. Qc1 Rg2+ 26. Kf1 Qe2# 0-1

[Event "DVM U10 2015"]
[Site "Magdeburg GER"]
[Date "2015.12.28"]
[Round "4"]
[White "Kriuckova, Sonia"]
[Black "Neumann, Kai-Minh"]
[Result "1-0"]
[Termination "normal"]
[Board "16.3"]
[WhiteElo "1208"]
[BlackElo "831"]
[WhiteTeam "SV Empor Berlin"]
[BlackTeam "SC Borussia 1920 Friedrichsfelde"]
[PlyCount "103"]
[WhiteFideId "16204310"]
[BlackFideId "16286227"]
[EventCountry "GER"]
[EventRounds "7"]
[EventType "team-swiss"]
[EventDate "2015.12.27"]

1. e4 c5 2. Nf3 Nc6 3. Bb5 d6 4. O-O Nf6 5. Nc3 g6 6. d4 cxd4 7. Nxd4 Bd7 8.
Re1 e5 9. Nxc6 bxc6 10. Bc4 Bg7 11. Qxd6 Qb8 12. Rd1 Qxd6 13. Rxd6 O-O 14. Bg5
Be6 15. Bb3 Rac8 16. Bxe6 fxe6 17. Rxe6 Ng4 18. f3 h6 19. Bh4 g5 20. Bf2 Nxf2
21. Kxf2 Kf7 22. Rd6 Rfd8 23. Rad1 Ke7 24. Rxd8 Rxd8 25. Rxd8 Kxd8 26. Ke3 Ke7
27. Kd3 Kd6 28. Kc4 c5 29. b4 cxb4 30. Kxb4 Bf6 31. Nb5+ Kc6 32. Nxa7+ Kb6 33.
Nb5 Be7+ 34. Kc4 Kc6 35. a4 Kb6 36. Kd5 Bf6 37. c4 Ka5 38. Nc3 Kb4 39. c5 Bd8
40. c6 Kxc3 41. Kd6 Kb4 42. c7 Bxc7+ 43. Kxc7 Kxa4 44. Kd6 Kb4 45. Kxe5 Kc5 46.
Kf6 Kd6 47. e5+ Kd7 48. Kf7 Kc6 49. e6 Kd5 50. e7 Ke5 51. e8=Q+ Kf4 52. Qe4#
1-0

[Event "DVM U10 2015"]
[Site "Magdeburg GER"]
[Date "2015.12.28"]
[Round "4"]
[White "Müller, Linus"]
[Black "Pixa, Karl"]
[Result "0-1"]
[Termination "normal"]
[Board "17.1"]
[WhiteElo "936"]
[BlackElo "1134"]
[WhiteTeam "Hamburger SK von 1830 2"]
[BlackTeam "SV Dresden-Striesen 1990"]
[PlyCount "101"]
[WhiteFideId "16245946"]
[BlackFideId "16240480"]
[EventCountry "GER"]
[EventRounds "7"]
[EventType "team-swiss"]
[EventDate "2015.12.27"]

1. e4 c5 2. Nf3 Nc6 3. d4 cxd4 4. Nxd4 g6 5. Bf4 Bg7 6. Nxc6 bxc6 7. Nc3 Bxc3+
8. bxc3 e6 9. Rb1 Ne7 10. Bc4 O-O 11. Rb8 Rxb8 12. Bxb8 Qb6 13. Bd6 Re8 14. O-O
Bb7 15. Qb1 Qxb1 16. Rxb1 Ba8 17. Bxe7 d5 18. exd5 cxd5 19. Bd3 Rxe7 20. Rb8+
Kg7 21. Rxa8 Rb7 22. g3 Rc7 23. a4 e5 24. a5 e4 25. Bb5 Kf6 26. Kg2 Ke5 27. f4+
Kd6 28. Kf2 Kc5 29. Ba6 d4 30. c4 d3 31. cxd3 exd3 32. Ke3 Kb4 33. Kxd3 Kxa5
34. Rc8 Rd7+ 35. Kc3 Kxa6 36. Rc6+ Kb7 37. Rc5 Kb6 38. Rb5+ Ka6 39. Rd5 Rxd5
40. cxd5 Kb7 41. Kc4 Kc7 42. Kc5 a5 43. d6+ Kd7 44. g4 a4 45. Kb4 a3 46. Kxa3
Kxd6 47. Kb3 Kd5 48. Kc3 Ke4 49. f5 Kf4 50. h3 Kg3 51. h4 0-1

[Event "DVM U10 2015"]
[Site "Magdeburg GER"]
[Date "2015.12.28"]
[Round "4"]
[White "Reine, Samuel"]
[Black "Zhong, Ye Li"]
[Result "0-1"]
[Termination "normal"]
[Board "17.3"]
[WhiteElo "870"]
[BlackElo "1070"]
[WhiteTeam "Hamburger SK von 1830 2"]
[BlackTeam "SV Dresden-Striesen 1990"]
[PlyCount "74"]
[EventCountry "GER"]
[EventRounds "7"]
[EventType "team-swiss"]
[EventDate "2015.12.27"]

1. e4 e5 2. Nf3 Nc6 3. Bc4 h6 4. O-O Nf6 5. d3 a6 6. Nc3 Bb4 7. a3 Bxc3 8. bxc3
O-O 9. h3 d5 10. exd5 Nxd5 11. Nxe5 Nxe5 12. Bb3 Nc6 13. c4 Nf6 14. Bb2 Be6 15.
Qf3 Nd4 16. Bxd4 Qxd4 17. Qxb7 Qd6 18. Qf3 c5 19. Ba4 Qb8 20. Bc6 Ra7 21. Rab1
Qc8 22. Bb7 Qc7 23. Rfe1 Qd6 24. Qc6 Qxc6 25. Bxc6 Nd7 26. c3 Bf5 27. Rbd1 Rc7
28. Bxd7 Rxd7 29. d4 cxd4 30. cxd4 Be6 31. d5 Bf5 32. Re5 Bc2 33. Rd2 Bb3 34.
c5 Ba4 35. c6 Bxc6 36. d6 Rfd8 37. Rde2 (37. Re7 Rxd6 38. Rxd6 Rxd6 39. Rc7 Re6
40. g3 g5 41. h4 gxh4 42. f4) 37... Rxd6 0-1

[Event "DVM U10 2015"]
[Site "Magdeburg GER"]
[Date "2015.12.28"]
[Round "4"]
[White "Martsfeld, Jonas"]
[Black "Stowicek, Yara Mathilda"]
[Result "0-1"]
[Termination "normal"]
[Board "18.1"]
[WhiteElo "954"]
[BlackElo "1394"]
[WhiteTeam "SF HN-Biberach 1978"]
[BlackTeam "USV Volksbank Halle"]
[PlyCount "48"]
[WhiteFideId "16255640"]
[BlackFideId "16203569"]
[EventCountry "GER"]
[EventRounds "7"]
[EventType "team-swiss"]
[EventDate "2015.12.27"]

1. e4 e5 2. Nf3 Nc6 3. Bc4 Nf6 4. Ng5 d5 5. exd5 Nd4 6. d6 Qxd6 7. Nxf7 Qc6 8.
d3 Qxg2 9. Rf1 Bg4 10. Qd2 Nf3+ 11. Ke2 Nxd2+ 12. Kxd2 Qxf1 13. Nxh8 Qd1+ 14.
Kc3 Qxc1 15. Nf7 Qf4 16. Nd2 Bb4+ 17. Kxb4 Qxd2+ 18. Kb3 Qxf2 19. Nxe5 O-O-O
20. c3 Kb8 21. d4 Bf5 22. Rf1 Qc2+ 23. Ka3 Nd7 24. Re1 Nxe5 0-1

[Event "DVM U10 2015"]
[Site "Magdeburg GER"]
[Date "2015.12.28"]
[Round "4"]
[White "Schulemann, Gero"]
[Black "Melzig, Rodrigo"]
[Result "1-0"]
[Termination "normal"]
[Board "18.2"]
[WhiteElo "1007"]
[BlackElo "984"]
[WhiteTeam "USV Volksbank Halle"]
[BlackTeam "SF HN-Biberach 1978"]
[PlyCount "81"]
[WhiteFideId "16227646"]
[BlackFideId "16252764"]
[EventCountry "GER"]
[EventRounds "7"]
[EventType "team-swiss"]
[EventDate "2015.12.27"]

1. e4 e5 2. Nf3 Nc6 3. Bc4 Bc5 4. Nc3 d6 5. d3 Bg4 6. h3 Bh5 7. Bd2 Nd4 8. g4
Bg6 9. Nxd4 Bxd4 10. Qf3 Qf6 11. Qxf6 gxf6 12. h4 h5 13. f3 O-O-O 14. O-O-O Nh6
15. g5 fxg5 16. hxg5 Ng8 17. Nb5 Kb8 18. Nxd4 exd4 19. f4 h4 20. f5 Bh5 21.
Rdg1 h3 22. Rxh3 Ne7 23. Rgh1 d5 24. Bb3 dxe4 25. dxe4 d3 26. cxd3 Rd4 27. Bc3
Rd6 28. Bxh8 Rc6+ 29. Bc3 Rd6 30. Rxh5 Rxd3 31. Rh8+ Nc8 32. Bxf7 Rf3 33. Bb4
a6 34. Be6 Rf4 35. Rxc8+ Ka7 36. Rhh8 Rf1+ 37. Kc2 Rf2+ 38. Kd3 Rf3+ 39. Kd4
c5+ 40. Bxc5+ b6 41. Rh7# 1-0

[Event "DVM U10 2015"]
[Site "Magdeburg GER"]
[Date "2015.12.28"]
[Round "4"]
[White "Iyengar, Sriram"]
[Black "Wähler, Joris"]
[Result "1-0"]
[Termination "normal"]
[Board "18.3"]
[WhiteElo "947"]
[BlackElo "913"]
[WhiteTeam "SF HN-Biberach 1978"]
[BlackTeam "USV Volksbank Halle"]
[PlyCount "99"]
[WhiteFideId "16269110"]
[BlackFideId "16299388"]
[EventCountry "GER"]
[EventRounds "7"]
[EventType "team-swiss"]
[EventDate "2015.12.27"]

1. e4 e5 2. Nf3 Nc6 3. Nc3 Bc5 4. Bc4 Nf6 5. O-O d6 6. h3 O-O 7. d3 h6 8. Be3
Bxe3 9. fxe3 a6 10. a4 Ne7 11. Qd2 Ng6 12. d4 exd4 13. exd4 c6 14. e5 dxe5 15.
dxe5 Qxd2 16. Nxd2 Nxe5 17. Nce4 Nxe4 18. Nxe4 Nxc4 19. b3 Na5 20. Rad1 Be6 21.
Nc5 Rad8 22. Rfe1 Rxd1 23. Rxd1 b5 24. axb5 axb5 25. Ra1 Ra8 26. Nb7 Bxb3 27.
cxb3 f5 28. Nxa5 c5 29. Rc1 Rxa5 30. Rxc5 g6 31. b4 Ra1+ 32. Kf2 Kf7 33. Rxb5
Rb1 34. Rb6 Kg7 35. b5 h5 36. Rb7+ Kf6 37. b6 Ke5 38. Rb8 g5 39. b7 g4 40. Re8+
Kd4 41. b8=Q Rxb8 42. Rxb8 gxh3 43. gxh3 Ke5 44. Kf3 Kf6 45. Kf4 Kg6 46. Rb5
Kf6 47. Rxf5+ Kg6 48. Ra5 h4 49. Kg4 Kh6 50. Kxh4 1-0

[Event "DVM U10 2015"]
[Site "Magdeburg GER"]
[Date "2015.12.28"]
[Round "4"]
[White "Pfefferkorn, Paul"]
[Black "Seibt, Bruno"]
[Result "0-1"]
[Termination "normal"]
[Board "19.1"]
[WhiteElo "799"]
[BlackElo "1050"]
[WhiteTeam "USV TU Dresden 2"]
[BlackTeam "SC 1994 Oberland"]
[PlyCount "72"]
[WhiteFideId "16255330"]
[BlackFideId "16219988"]
[EventCountry "GER"]
[EventRounds "7"]
[EventType "team-swiss"]
[EventDate "2015.12.27"]

1. e4 e5 2. Nf3 Nc6 3. Nc3 Nf6 4. Be2 Bb4 5. O-O Bxc3 6. dxc3 Nxe4 7. Bc4 d6 8.
h3 Bf5 9. Re1 Qd7 10. Bd5 Nf6 11. c4 Nxd5 12. cxd5 Nb4 13. a3 Nxc2 14. Nxe5
dxe5 15. Rxe5+ Kf8 16. Ra2 f6 17. Re2 Qa4 18. Bd2 Qb5 19. Bb4+ Nxb4 20. axb4
Kf7 21. b3 Rhf8 22. Rad2 Kg8 23. Qe1 Rae8 24. Rxe8 Rxe8 25. Qd1 Rd8 26. Re2
Rxd5 27. Re8+ Kf7 28. Qe1 Re5 29. Rxe5 Qxe5 30. Qf1 Qe6 31. g4 Be4 32. f3 Bd5
33. Qc1 Qb6+ 34. Kg2 Bxb3 35. g5 fxg5 36. Qxg5 Qg6 0-1